UBT Library

Telecommunications For Managers (Record no. 52694)

000 -LEADER
fixed length control field 00309nam a22001337a 4500
008 - FIXED-LENGTH DATA ELEMENTS--GENERAL INFORMATION
fixed length control field 181203b xxu||||| |||| 00| 0 eng d
020 ## - INTERNATIONAL STANDARD BOOK NUMBER
International Standard Book Number 9780130284860
041 ## - LANGUAGE CODE
Language code of text/sound track or separate title eng
080 ## - UNIVERSAL DECIMAL CLASSIFICATION NUMBER
Edition identifier 5 TH
Universal Decimal Classification number 330
100 ## - Rafti
Rafti 53
101 ## - Shkurtesa
Shkurtesa MAN
245 ## - TITLE STATEMENT
Title Telecommunications For Managers
Statement of responsibility, etc Rowe.S.H
942 ## - ADDED ENTRY ELEMENTS (KOHA)
Source of classification or shelving scheme
Item type Books

No items available.

UBT Library © 2015-2024. All rights reserved University Education for Business and Technology